000 00355nam a2200157Ia 4500
008 210210b1933 xxu||||| |||| 00| 0 eng d
041 _aeng
082 _a821/306
100 _aHOUSMAN (A E)
245 _aLast poems
260 _aLondon
_bNot Mentioned
_c1933
650 _apoems
650 _aLast
690 _aEnglish Literature
906 _a011476
999 _c130153
_d130153